000 00659nam a2200217Ia 4500
003 GCL
008 140319s9999 xx 000 0 ara d
040 _aGCL /
_cGCL
082 0 4 _a859
_bر ا
100 1 _aريبريانو، ليفيو
245 1 0 _aايون (هدية من الاديب عبدالفتاح الجمل) /
_cريبريانو، ليفيو
700 1 _aعادل محمد على
300 _a540 ص
490 _a
650 0 4 _aالادب
650 0 4 _aالادب العالمى
650 0 4 _aالادب الرومانى
650 0 4 _aالادب العالمى المترجم
650 0 4 _aعادل محمد على
942 _2ddc
_cBK
999 _c40411
_d40411